书目信息 |
| 题名: |
土壤肥料的科学理论与技术研究
|
|
| 作者: | 姜华 著 | |
| 分册: | ||
| 出版信息: | 北京 中国水利水电出版社 2015 |
|
| 页数: | 338页 | |
| 开本: | 24cm | |
| 丛书名: | ||
| 单 册: | ||
| 中图分类: | S158 | |
| 科图分类: | ||
| 主题词: | 土壤肥力--研究 | |
| 电子资源: | ||
| ISBN: | 978-7-5170-2351-7 | |
| 000 | 00914nam0 2200229 450 | |
| 001 | 012015000584 | |
| 005 | 20150914161443.90 | |
| 010 | @a978-7-5170-2351-7@dCNY56.00 | |
| 100 | @a20151327d2015 em y0chiy0110 ea | |
| 101 | 0 | @achi |
| 102 | @aCN@b110000 | |
| 105 | @aa z 000yy | |
| 106 | @ar | |
| 200 | 1 | @a土壤肥料的科学理论与技术研究@Atu rang fei liao de ke xue li lun yu ji shu yan jiu@f姜华著 |
| 210 | @a北京@c中国水利水电出版社@d2015 | |
| 215 | @a338页@c图@d24cm | |
| 330 | @a本书把土壤、肥料及施用技术等相关内容有机结合在一起。全书主要内容包括土壤的固相组成,封的孔性、结构性与耕性分析,土壤的胶体、吸收性与酸碱性分析,植物营养与施肥原理探析,化学肥料的作用机理及施用,有机肥料的作用机理及施用,复合、生物、新型肥料及施肥新技术,土壤的污染与修复等。 | |
| 606 | 0 | @a土壤肥力@x研究 |
| 690 | @aS158@v5 | |
| 701 | 0 | @a姜华@Ajiang hua@4著 |
| 801 | 0 | @aCN@b碧洲教育@c20150718 |
| 905 | @a10447@f4@dS158@e84 | |
| 土壤肥料的科学理论与技术研究/姜华著.-北京:中国水利水电出版社,2015 |
| 338页:图;24cm |
| ISBN 978-7-5170-2351-7:CNY56.00 |
| 本书把土壤、肥料及施用技术等相关内容有机结合在一起。全书主要内容包括土壤的固相组成,封的孔性、结构性与耕性分析,土壤的胶体、吸收性与酸碱性分析,植物营养与施肥原理探析,化学肥料的作用机理及施用,有机肥料的作用机理及施用,复合、生物、新型肥料及施肥新技术,土壤的污染与修复等。 |
| ● |
| 相关链接 |
|
|
|
|
正题名:土壤肥料的科学理论与技术研究
索取号:S158/84
 
预约/预借
| 序号 | 登录号 | 条形码 | 馆藏地/架位号 | 状态 | 备注 |
| 1 | 0848813 | 208488135 | 第二样本阅览室/ [索取号:S158/84] | 在馆 | |
| 2 | 0848814 | 208488144 | 第三借阅区/ [索取号:S158/84] | 在馆 | |
| 3 | 0848815 | 208488153 | 第三借阅区/ [索取号:S158/84] | 在馆 | |
| 4 | 0848816 | 208488162 | 第三借阅区/ [索取号:S158/84] | 在馆 |